00371nam a2200121Ia 4500008004100000040001700041041001200058082001700070100004900087245004400136260005900180300001000239230917s9999||||xx |||||||||||||| ||und|| e186867aMAIN aEnglish a301.426 F21F aIndia, Ministry of Health and Family welfare 0aFamily welfare statistics in India 2009 aNew DelhibMinistry of Health and Family welfarec2009 av. p.